Co to za marka samochodu? - Statystyki

Ogólne statystyki
  • Ten quiz został rozwiązany 423 razy
  • Średni wynik to 14 z 16
Statystyki odpowiedzi
Obrazkowy Odpowiedź % Poprawnych
Opel
98%
Audi
95%
Mazda
95%
Mercedes
94%
Skoda
94%
Honda
93%
Toyota
93%
Seat
92%
Jaguar
91%
Citroen
88%
Suzuki
87%
Hyundai
81%
Renault
81%
Subaru
79%
Mitsubishi
76%
Volkswagen
71%
Nie znaleziono quizów pasujących do podanych kryteriów
Rozkład punktacji
Procent ludzi z każdym wynikiem
Percentyl według liczby udzielonych odpowiedzi
Twoja historia wyników
Nie rozwiązałeś tego quizu